| 000 | 00820nam a2200229Ii 4500 | ||
|---|---|---|---|
| 003 | JO-AjNU | ||
| 008 | 230605s9999||||xx |||||||||||||| ||und|| | ||
| 017 | _a2010/1/313 | ||
| 020 | _a978-9957-33-208-2 | ||
| 040 |
_aJO-AjNU _bara _erda _cJO-AjNU |
||
| 041 | _aara | ||
| 050 | 1 | 4 | _aKZ3410.L8512.2010 |
| 100 | 3 |
_aتأليف لوكاشوك، إ.إ ؛ محمدحسين القضاة، مترجم, _eauthor _931668 |
|
| 245 | 0 | 0 | _aالقانون الدولي العام : الجزء الخاص |
| 250 | _aط1 | ||
| 264 | 3 | 1 | _aعمان : مؤسسة الوراق ، 2010 |
| 300 |
_a303ص _bيشتمل على مراجع ببلوغرافية ص ( 300-303) |
||
| 336 |
_atext _btxt _2rdacontent |
||
| 337 |
_aunmediated _bn _2rdamedia |
||
| 338 |
_avolume _bnc _2rdacarrier |
||
| 650 | 4 |
_aالقانون الدولي _931669 |
|
| 999 |
_aA12692 _c16260 _d16260 |
||